MARC details
| 000 -CABECERA |
| campo de control de longitud fija |
02000nam a2200349 a 4500 |
| 001 - NÚMERO DE CONTROL |
| campo de control |
BRCA_8260 |
| 005 - FECHA Y HORA DE LA ÚLTIMA TRANSACCIÓN |
| campo de control |
20190320210212.0 |
| 008 - DATOS DE LONGITUD FIJA--INFORMACIÓN GENERAL |
| campo de control de longitud fija |
040614s1701----it-####g##---#001-0#spa-# |
| 041 ## - CÓDIGO DE LENGUA |
| Código de lengua del texto/banda sonora o título independiente |
spa |
| 044 ## - CÓDIGO DEL PAÍS DE LA ENTIDAD EDITORA/PRODUCTORA |
| Código MARC del país |
it |
| 050 #4 - SIGNATURA TOPOGRÁFICA DE LA BIBLIOTECA DEL CONGRESO |
| Número de clasificación |
BX4705 |
| Número de documento/Ítem |
.J8 1701 |
| 100 1# - ENTRADA PRINCIPAL--NOMBRE DE PERSONA |
| Nombre de persona |
Guzmán, Juan de |
| Títulos y otros términos asociados al nombre |
Frai del Santissimo Sacramento |
| Fechas asociadas al nombre |
1611-1680 |
| 9 (RLIN) |
20622 |
| 245 10 - MENCIÓN DE TÍTULO |
| Título |
Vida de el Venerable Siervo de Dios Vicente de Paul |
| Resto del título |
fundador y Primero Superior General de la Congragación de la Mission |
| Mención de responsabilidad, etc. |
Escrita del mui R.P.M. Frai Juan del Santissimo Sacramento, del Orden de San Agustin, de la Provincia de Castilla, Provincial que fue de Cerdeña, Theologo, y Confesor actual del Ilustre Señor D. Frai Bernabe de Castro, Arzobispo de Brindis. |
| 260 ## - PUBLICACIÓN, DISTRIBUCIÓN, ETC. |
| Lugar de publicación, distribución, etc. |
Nápoles |
| Nombre del editor, distribuidor, etc. |
Bonis Impresor Arzobispal |
| Fecha de publicación, distribución, etc. |
1701 |
| 300 ## - DESCRIPCIÓN FÍSICA |
| Extensión |
566 p. |
| Otras características físicas |
il. |
| Dimensiones |
26 cm. |
| 500 ## - NOTA GENERAL |
| Nota general |
Dedicado al Eminentissimo Señor Cardenal D. Luis Manuel Portocarrero, Obispo de Palestrina, Arzobispo de Toledo, Primado de las Españas, Gran Canciller de Castilla, adelantado maior de Cazorla, Protector de España, del Consejo Supremo de Estado de su Majestad, &c. |
| 500 ## - NOTA GENERAL |
| Nota general |
Edición con cantos dorados y grabados |
| 500 ## - NOTA GENERAL |
| Nota general |
Incluye tabla de los capítulos |
| 500 ## - NOTA GENERAL |
| Nota general |
Fondo antiguo |
| 500 ## - NOTA GENERAL |
| Nota general |
Ejemplar se encuentra en caja fuerte |
| 500 ## - NOTA GENERAL |
| Nota general |
T53 |
| 500 ## - NOTA GENERAL |
| Nota general |
Nota de encuadernación: en piel con ornamentos dorados |
| 500 ## - NOTA GENERAL |
| Nota general |
Con Ex- libris de: Franz Mayer |
| 500 ## - NOTA GENERAL |
| Nota general |
Filigrana en la contraportada |
| 500 ## - NOTA GENERAL |
| Nota general |
Se localiza una firma en la anteportada: Es libro toda, ignasia Mr de San Agustín, con licencia de mi para la comunidad pide por amor de Dios un Ave maría |
| 500 ## - NOTA GENERAL |
| Nota general |
Estado físico: la página 29 presenta una rotura |
| 506 0# - NOTA DE RESTRICCIONES AL ACCESO |
| Limitaciones de acceso |
Fondo reservado: para su consulta es necesario credencial de usuario y carta de motivos |
| 600 14 - PUNTO DE ACCESO ADICIONAL DE MATERIA--NOMBRE DE PERSONA |
| Nombre de persona |
Paul, Vicente de |
| Títulos y otros términos asociados al nombre |
Venerable Siervo de Dios |
| Fechas asociadas al nombre |
1581-1660 |
| Subdivisión de forma |
Congreación de la Misión |
| Subdivisión geográfica |
Francia |
| 9 (RLIN) |
20623 |
| 650 14 - PUNTO DE ACCESO ADICIONAL DE MATERIA--TÉRMINO DE MATERIA |
| Término de materia o nombre geográfico como elemento de entrada |
Órdenes religiosas |
| Subdivisión de forma |
Biografías |
| 9 (RLIN) |
20624 |
| 902 ## - CATALOGADOR |
| Iniciales |
LAR |
| 942 ## - ELEMENTOS DE PUNTO DE ACCESO ADICIONAL (KOHA) |
| Fuente del sistema de clasificación o colocación |
Library of Congress Classification |
| Tipo de ítem Koha |
Libros |